000
00335 a2200157 4500
001
177727
020
_a
040
_c
Magnum
100
_a
Ponte, Maria Menendez
240
1
0
_a
A noite de reis
_l
por
245
1
0
_a
A noite de reis
362
0
_a
1899
440
1
_a
Paulinas
697
_a
MAGNITO: I/AVENTURA, CRIANCAS
942
_c
BK
999
_c
177727
_d
177727